000 00397nam a22001217a 4500
082 _a363.72
_bWOR
_cD
245 _aworkshop on goals and indicators for monitoring and evaluation for water supply and sanitation
260 _a switzerland
_bgeneva
_cjune 25-29, 1990
300 _ap.48. :
_bill. ;
_c24 cm
526 _a0
_b0
_c0
_d363_720000000000000_WOR
650 _aMCE (D)
_938191
942 _2ddc
_cBK
999 _c542834
_d542834